000 00747cam a2200229 a 4500
001 2582341
005 20180221094305.0
008 961213s1998 njuab b 001 0 eng
010 _a 96053481
020 _a0136108822
040 _aDLC
_cDLC
_dDLC
041 _aeng
080 _a631.4 MIL
082 0 0 _a631.4 MIL
_221
100 1 _a9
101 _aMJE
245 1 0 _aSoils in our environment /
_cRaymond W. Miller, Duane T. Gardiner ; Joyce U. Miller, editorial assistant.
504 _aIncludes bibliographical references (p. 681-687) and index.
906 _a7
_bcbc
_corignew
_d1
_eocip
_f19
_gy-gencatlg
942 _2ddc
_cBK
999 _c43086
_d43086